Statistics for Professor Layton Games (2019)

Click here to take the quiz!

General Stats

  • This quiz has been taken 21 times
  • The average score is 8 of 9

Answer Stats

Year of ReleasePlatformTitle% Correct
2007DSProfessor Layton and the Curious Village
100%
20133DSProfessor Layton and the Azran Legacy
93%
2007DSProfessor Layton and the Diabolical Box
93%
2009DSProfessor Layton and the Last Specter
93%
20113DSProfessor Layton and the Miracle Mask
93%
2008DSProfessor Layton and the Unwound Future
93%
2012iOS/AndroidLayton Brothers: Mystery Room
79%
20123DSProfessor Layton vs. Phoenix Wright: Ace Attorney
79%
20173DS/iOS/Android/SwitchLayton's Mystery Journey: Katrielle and the Millionaires' Conspiracy
71%

Score Distribution

Percentile by Number Answered

Percent of People with Each Score

Your Score History

You have not taken this quiz